National Team footballers since 2010: England - Statistics

General Stats
  • This quiz has been taken 1,381 times
    378 since last reset
  • The average score is 90 of 169
Answer Stats
Years Club(s) Apps. Pos. Footballer % Correct
2015-25 Tottenham Hotspur / Bayern München 109 FW Harry Kane
100%
2011-25 Manchester City / Tottenham Hotspur 96 DF Kyle Walker
98%
2022 Southampton 2 DF Kyle Walker-Peters
98%
2010-25 Liverpool / AFC Ajax 85 MF Jordan Henderson
97%
2017-25 Everton 78 GK Jordan Pickford
97%
2020-25 Crystal Palace / Manchester United 3 GK Dean Henderson
96%
2012-22 Manchester City / Liverpool 82 FW Raheem Sterling
96%
2019-25 West Ham United / Arsenal 68 MF Declan Rice
94%
2020-25 Real Madrid / Borussia Dortmund 44 MF Jude Bellingham
94%
2016-25 Manchester United 64 FW Marcus Rashford
94%
2017-24 Manchester United / Leicester City 64 DF Harry Maguire
93%
2014-24 Manchester City / Everton 83 DF John Stones
93%
2010-17 Manchester City / Torino 74 GK Joe Hart
92%
2010-18 Manchester United 63 FW Wayne Rooney
92%
2020-25 Manchester City 45 MF Phil Foden
89%
2020-25 Arsenal 44 MF Bukayo Saka
88%
2020-24 Manchester City / Aston Villa 39 MF Jack Grealish
86%
2015-18 Leicester City 26 FW Jamie Vardy
85%
2010-14 Chelsea 30 MF Frank Lampard
84%
2010-14 Liverpool 37 MF Steven Gerrard
84%
2018-25 Liverpool 34 DF Trent Alexander-Arnold
84%
2010-12 Chelsea 20 DF John Terry
83%
2017-24 Newcastle United / Tottenham Hotspur 54 DF Kieran Trippier
83%
2014-24 Manchester United / Southampton 34 DF Luke Shaw
82%
2010-16 Manchester City / Liverpool 55 MF James Milner
80%
2018-21 Borussia Dortmund 23 FW Jadon Sancho
79%
2010 Portsmouth 4 GK David James
77%
2020-25 Chelsea 21 DF Reece James
77%
2010-14 Chelsea 30 DF Ashley Cole
76%
2010 West Ham United 1 FW Carlton Cole
76%
2024-25 Liverpool 6 MF Curtis Jones
76%
2010 Chelsea 3 MF Joe Cole
76%
2022-25 Crystal Palace 25 DF Marc Guéhi
76%
2021-25 Aston Villa 19 FW Ollie Watkins
76%
2011-18 Manchester United 27 DF Phil Jones
76%
2010-18 Chelsea / Bolton Wanderers 61 DF Gary Cahill
75%
2015-22 Tottenham Hotspur 49 DF Eric Dier
74%
2024 Lille OSC 4 MF Angel Gomes
73%
2011-18 Manchester United / Arsenal 42 FW Danny Welbeck
73%
2023-25 Crystal Palace / Arsenal 13 MF Eberechi Eze
73%
2017-24 Liverpool 15 DF Joe Gomez
73%
2020-23 Leeds United / Manchester City 31 MF Kalvin Phillips
73%
2018-22 Burnley / Newcastle United 10 GK Nick Pope
72%
2010 Manchester City 7 MF Shaun Wright Phillips
72%
2012-19 Arsenal / Liverpool 35 MF Alex Oxlade-Chamberlain
71%
2024-25 Nottingham Forest 5 MF Morgan Gibbs-White
71%
2015-19 Tottenham Hotspur 37 MF Dele Alli
70%
2024-25 Newcastle United 14 FW Anthony Gordon
69%
2023-25 Chelsea 12 MF Cole Palmer
69%
2010-16 Arsenal 39 FW Theo Walcott
69%
2021-24 Arsenal 5 GK Aaron Ramsdale
68%
2013-18 Liverpool / Southampton 34 MF Adam Lallana
67%
2021-22 Brighton & Hove Albion / Arsenal 3 DF Ben White
67%
2019-22 Chelsea 36 MF Mason Mount
67%
2011-17 Liverpool / Chelsea 26 FW Daniel Sturridge
66%
2016 Leicester City 3 MF Danny Drinkwater
64%
2016-19 Tottenham Hotspur 29 DF Danny Rose
64%
2010-15 Everton 30 DF Leighton Baines
64%
2010-11 Manchester United 5 DF Rio Ferdinand
64%
2017-22 AS Roma / Chelsea 11 FW Tammy Abraham
64%
2010-18 Manchester United / Aston Villa 32 DF Ashley Young
63%
2018-24 Leicester City / Chelsea 21 DF Ben Chilwell
63%
2011-17 Manchester United 31 DF Chris Smalling
62%
2019-23 AC Milan / Chelsea 5 DF Fikayo Tomori
62%
2022-25 West Ham United 17 FW Jarrod Bowen
62%
2024 Manchester United 10 MF Kobbie Mainoo
62%
2024-25 Aston Villa 14 DF Ezri Konsa
61%
2010-16 Arsenal 34 MF Jack Wilshere
61%
2010-15 Manchester United 14 MF Michael Carrick
61%
2023-25 Brentford 7 FW Ivan Toney
59%
2019-24 Tottenham Hotspur / Leicester City 7 MF James Maddison
59%
2016-21 Manchester United / West Ham United 32 MF Jesse Lingard
59%
2010-12 Manchester City 12 MF Adam Johnson
57%
2021-25 Chelsea / Crystal Palace 22 MF Conor Gallagher
57%
2010-14 Liverpool 34 DF Glen Johnson
57%
2024-25 Chelsea / Arsenal 9 FW Noni Madueke
57%
2023-24 Manchester City 5 DF Rico Lewis
57%
2010-12 Manchester City 18 MF Gareth Barry
55%
2010 Liverpool 4 DF Jamie Carragher
55%
2010-17 Tottenham Hotspur 19 FW Jermain Defoe
55%
2010-12 West Ham United 4 GK Robert Green
55%
2025 Newcastle United 3 DF Dan Burn
54%
2019-23 Aston Villa 18 DF Tyrone Mings
54%
2018-23 Newcastle United / Bournemouth 9 FW Callum Wilson
53%
2020-21 Everton 11 FW Dominic Calvert-Lewin
53%
2025 Arsenal 4 DF Myles Lewis-Skelly
53%
2010-16 Everton 37 DF Phil Jagielka
53%
2017-22 Southampton 11 MF James Ward-Prowse
52%
2013-19 Everton / Chelsea 33 MF Ross Barkley
52%
2017-18 Chelsea / Crystal Palace 10 MF Ruben Loftus-Cheek
52%
2024 Crystal Palace 1 MF Adam Wharton
51%
2010-14 West Bromwich Albion / Birmingham City 4 GK Ben Foster
51%
2013-16 Southampton / Celtic 6 GK Fraser Forster
51%
2023-25 Chelsea 5 DF Levi Colwill
51%
2018-24 Brighton & Hove Albion 6 DF Lewis Dunk
51%
2017-20 Everton / Burnley 12 DF Michael Keane
51%
2010 Tottenham Hotspur 6 FW Peter Crouch
50%
2025 Nottingham Forest 2 MF Elliot Anderson
49%
2014-19 Manchester City / Aston Villa 20 MF Fabian Delph
49%
2012-18 Stoke City 9 GK Jack Butland
49%
2024-25 Aston Villa 8 MF Morgan Rogers
49%
2014-16 Liverpool 14 DF Nathaniel Clyne
49%
2025 Newcastle United 3 DF Tino Livramento
49%
2018 Watford 1 MF Nathaniel Chalobah
48%
2025 Chelsea 1 DF Trevoh Chalobah
48%
2010-12 Liverpool / West Ham United 9 FW Andy Carroll
47%
2020-22 Wolverhampton Wanderers 10 DF Conor Coady
47%
2020 Leicester City 1 MF Harvey Barnes
47%
2017-24 Tottenham Hotspur / Liverpool 3 FW Dominic Solanke
46%
2017-20 Tottenham Hottspur 10 MF Harry Winks
45%
2018 Burnley 2 DF James Tarkowski
45%
2024 Newcastle United 2 DF Lewis Hall
44%
2010-12 Manchester City 2 DF Micah Richards
44%
2012-13 Crystal Palace / Manchester United 2 FW Wilfried Zaha
43%
2010-13 Manchester City 17 DF Joleon Lescott
42%
2015-20 Southampton / Liverpool 3 FW Danny Ings
41%
2019 Chelsea 3 FW Callum Hudson-Odoi
40%
2021-22 Arsenal 3 MF Emile Smith Rowe
40%
2021-23 West Bromwich Albion / Crystal Palace 4 GK Sam Johnstone
40%
2025 Tottenham Hotspur 1 DF Djed Spence
39%
2020 Manchester United 1 FW Mason Greenwood
39%
2023 Arsenal 1 FW Eddie Nketiah
38%
2013-14 Southampton / Liverpool 11 FW Rickie Lambert
38%
2012-17 Southampton / Chelsea 19 DF Ryan Bertrand
38%
2024 Everton 1 DF Jarrad Branthwaite
36%
2012-13 Manchester United 13 MF Tom Cleverley
36%
2010-11 Sunderland / Aston Villa 8 FW Darren Bent
35%
2021 Leeds United 1 FW Patrick Bamford
35%
2010 Tottenham Hotspur 2 DF Ledley King
34%
2016-17 Burnley 3 GK Tom Heaton
34%
2010-13 Tottenham Hotspur 6 MF Aaron Lennon
32%
2014 Arsenal 3 DF Calum Chambers
32%
2010 Manchester United 1 DF Wes Brown
32%
2010 Bolton Wanderers 1 FW Kevin Davies
31%
2010-11 Tottenham Hotspur 4 DF Michael Dawson
29%
2020 Arsenal 5 MF Ainsley Maitland-Niles
28%
2010-13 Tottenham Hotspur / West Ham United 15 MF Scott Parker
28%
2022 Crystal Palace 2 DF Tyrick Mitchell
28%
2010-14 Liverpool / Aston Villa 12 MF Stewart Downing
26%
2013-16 Tottenham Hotspur / Crystal Palace 13 MF Andros Townsend
25%
2012 Sunderland 1 FW Fraizer Campbell
25%
2024 Southampton 1 DF Taylor Harwood-Bellis
25%
2010 Aston Villa 5 FW Emile Heskey
24%
2022 Leicester City 1 DF James Justin
24%
2016-17 West Ham United 3 DF Aaron Cresswell
22%
2018 Southampton 1 GK Alex McCarthy
22%
2012-15 Swansea City / Liverpool 6 MF Jonjo Shelvey
22%
2018 Bournemouth 1 MF Lewis Cook
21%
2010 West Ham United 3 DF Matthew Upson
21%
2015 Tottenham Hotspur 1 MF Ryan Mason
19%
2010-12 Tottenham Hotspur 3 MF Tom Huddlestone
19%
2012 Stoke City 1 DF Ryan Shawcross
18%
2012-17 West Bromwich Albion / Tottenham Hotspur 7 MF Jake Livermore
17%
2014 Liverpool 1 DF Jon Flanagan
17%
2012 Arsenal 1 DF Carl Jenkinson
16%
2011 Bursaspor 1 GK Scott Carson
16%
2012 Norwich City 1 GK John Ruddy
15%
2012 Liverpool 1 DF Martin Kelly
15%
2021 Everton 2 DF Ben Godfrey
14%
2017 Burnley 1 MF Jack Cork
14%
2017 Southampton 1 FW Nathan Redmond
14%
2011-13 Everton / Manchester City 3 MF Jack Rodwell
13%
2010-11 Fulham 2 FW Bobby Zamora
12%
2013 Southampton 1 FW Jay Rodríguez
12%
2012-13 Everton 2 MF Leon Osman
10%
2012 Tottenham Hotspur 1 DF Steven Caulker
10%
2011 Wolverhampton Wanderers 1 MF Matthew Jarvis
8%
2010 Cardiff City 1 FW Jay Bothroyd
6%
2010 Aston Villa 1 DF Stephen Warnock
6%
No matching quizzes found
Score Distribution
Percent of People with Each Score
Percentile by Number Answered
Your Score History
You have not taken this quiz since the last reset